Συλλογή παλαιοχριστιανικών και μεταγενεστέρων μνημείων της δημοτικής βιβλιοθήκης Κοζάνης

Αποθηκεύτηκε σε:
Λεπτομέρειες βιβλιογραφικής εγγραφής
Κύριος συγγραφέας: Δελιαλής, Νικόλαος Π.
Μορφή: Βιβλίο
Γλώσσα:Greek
Δημοσίευση: Θεσσαλονίκη : [χ.ό.], 1955
Θέματα:
Ετικέτες: Προσθήκη ετικέτας
Δεν υπάρχουν, Καταχωρήστε ετικέτα πρώτοι!

MARC

LEADER 00000cam a2200000 i 4500
001 1/96752
008 081106s1955 gre d
035 |l 10101458 
040 |a GR-MY-UA  |b gre  |e aacr 
041 0 |a gre 
082 0 |a 027.49562  |2 (22) 
100 1 |a Δελιαλής, Νικόλαος Π. 
245 1 0 |a Συλλογή παλαιοχριστιανικών και μεταγενεστέρων μνημείων της δημοτικής βιβλιοθήκης Κοζάνης /  |c εκδίδεται υπό Νικολάου Π. Δελιάλη 
260 |a Θεσσαλονίκη :   |b [χ.ό.],   |c 1955 
300 |a vi, 32 σ.;  |b χάρτης, φωτ.;  |c 24 εκ. 
500 |a "Μετ' εικόνων και φερμανίων εις το τέλος" 
500 |a Πριέχει 1 αναδιπλούμενο χάρτη 
504 |a Βιβλιογραφία: σ. [vii]-viii 
650 0 |a Libraries  |x Special collections. 
650 0 |a Libraries  |z Greece  |z Kozane. 
651 0 |a Macedonia (Greece)  |x Antiquities, Byzantine. 
651 0 |a Kozane (Greece)  |x History. 
852 |a INST  |b RHODES  |c AKA  |e 20081106  |h  027.49562 ΔΕΛ  |p 005400031135  |q 005400031135  |t BK  |y 0 
901 |a BIBL4-2008-3 
970 |a ΧΑΡΙΟΠΟΛΙΤΟΥ  |b ΚΩΝΣΤΑΝΤΙΝΑ  |z 2008/11/06